000
00258nam a22001097a 4500
040
_c
SK
082
_a
330
100
_a
ក្រសួងអប់រំ
245
_a
ភូមិវិទ្យា
260
_a
Phnom Penh
_b
អប់រំ
_c
1987
942
_c
KB
999
_c
8489
_d
8489